000 01860nam a2200325 a 4500
001 000043750
003 DO-SdBNP
005 20240319114520.0
007 ta
008 140422s2014 dr ad 000 0 spa d
020 _a9789993450153
040 _aDO-SdBNP
_bspa
_cBNPHU
082 4 _bB182p
_222
245 1 0 _aBalance del plan decenal de educación 2008-2018 :
_bavances, desafíos y perspectivas /
_cDinorah de Lima Jiménez,...[et. al.]; Compiladora, Magda Pepén Peguero ; Edición, Darío Tejeda.
260 _aSanto Domingo :
_bFLACSO,
_c2014
300 _a95 p. :
_bil., gráf. ;
_c25 cm.
500 _aBibliografía y notas al pié de páginas
504 _aBibliografía : p. 93-95
505 0 _aPreliminares.
_gPresentación /
_rManuel Zacarías Mejía Gómez.--
_gPalabras de Magda Pepén Peguero.--
_gPalabras del Dr. César Cuello Nieto.--
_gDisertaciones.
_tFactores que influyen sobre los Planes Decenales /
_rDinorah de Lima Jiménez.--
_tAvances en Implementación de la Política 3 del Plan Decenal de Educación 2008 - 2018. /
_rRosa Vanderhorst.--
_tBalance del Plan Decenal de Educación 2008 - 2018. Política Educativa No. 4 (sistema de evaluación). /
_rAncell Scheker Mendoza.--
_tFormación, permanencia y desarrollo profesional del personal docente en República Dominicana: Perspectiva, avances y desafíos. Política 6 del Plan Decenal de Educación 2008 - 2018. /
_rMiguel Ángel Moreno.
590 _aInventariado 2022 / MF
700 1 _aLima Jiménez, Dinorah de
_957509
700 1 _aVanderhorst, Rosa
_936833
700 1 _aSchéker Mendoza, Ancell
_919030
700 1 _aMoreno, Miguel Ángel
_978036
700 1 _aTejeda, Darío
_eed.
_92540
700 1 _aPepén Peguero, Magda
_ecomp.
_964268
710 2 _aFacultad Latinoamericana de Ciencias Sociales (República Dominicana)
_971583
910 _aMFeliz
942 _2ddc
_cLBS1
999 _c43239
_d43239